[Event "29th Czech Open A 2018"]
[Site "Pardubice CZE"]
[Date "2018.07.28"]
[Round "9.98"]
[White "Phadke, Sohan"]
[Black "Thrish, Karthik"]
[Result "0-1"]
[WhiteTitle "FM"]
[WhiteElo "2249"]
[BlackElo "2145"]
[WhiteFideId "5016223"]
[BlackFideId "46626433"]
[EventDate "2018.07.20"]

1. d4 Nf6 2. Bg5 d5 3. e3 c6 4. Nd2 Nbd7 5. f4 h6 6. Bh4 Qb6 7. Rb1 e6 8. Bd3 c5
9. c3 Bd6 10. Ngf3 Qc7 11. Ne5 g5 12. fxg5 hxg5 13. Bxg5 Nxe5 14. dxe5 Bxe5 15.
Nf3 Rg8 16. O-O Bd7 17. Nxe5 Rxg5 18. Nxd7 Nxd7 19. Bb5 Ke7 20. Qf3 f5 21. Bxd7
Kxd7 22. c4 Rh8 23. Qf4 Qxf4 24. exf4 Rgh5 25. cxd5 exd5 26. Rbd1 Kd6 27. h3 Rh4
28. Rf3 Re8 29. Rd2 Re4 30. Rdf2 d4 31. Kh2 Kd5 32. g3 Rh7 33. Kg2 Rg7 34. Ra3
b6 35. Kf3 Rh7 36. Kg2 Re3 37. Rxe3 dxe3 38. Rc2 Ke4 39. h4 Kd3 40. Rc3+ Kd2 0-1

[Event "29th Czech Open A 2018"]
[Site "Pardubice CZE"]
[Date "2018.07.28"]
[Round "9.99"]
[White "Ristoja, Samu"]
[Black "Klecker, Tadeas"]
[Result "1/2-1/2"]
[WhiteElo "2239"]
[BlackElo "2138"]
[WhiteFideId "504025"]
[BlackFideId "326950"]
[EventDate "2018.07.20"]

1. e4 e5 2. Nf3 Nc6 3. Bb5 a6 4. Ba4 Nf6 5. Nc3 b5 6. Bb3 Be7 7. d3 d6 8. a3 O-O
9. Nd5 Nxd5 10. Bxd5 Bb7 11. b4 Qc8 12. Bg5 Bxg5 13. Nxg5 h6 14. h4 Ne7 15. Ba2
d5 16. Nf3 dxe4 17. Nxe5 Qf5 18. d4 Bd5 19. Qg4 Qxg4 20. Nxg4 Bxa2 21. Rxa2 a5
22. bxa5 Rxa5 23. Rh3 Rfa8 24. Rb3 Nf5 25. c3 Nxh4 26. Ne3 g6 27. g3 Nf5 28. Nd5
c6 29. Nf6+ Kg7 30. Nxe4 Re8 31. Re2 h5 32. f3 f6 33. Kf2 g5 34. g4 hxg4 35.
fxg4 Nh6 36. Kf3 Kg6 37. Nf2 Rxe2 38. Kxe2 f5 39. Kf3 Nxg4 40. Nxg4 fxg4+ 41.
Kxg4 Ra4 42. Rb1 Rxa3 43. c4 Ra4 44. cxb5 Rxd4+ 45. Kg3 cxb5 46. Rxb5 Kh5 47.
Rb3 Rg4+ 48. Kh3 Rg1 49. Rb5 Re1 50. Rb3 Kg6 51. Rb6+ Kf5 52. Rb5+ Re5 53. Rxe5+
Kxe5 54. Kg4 Kf6 55. Kg3 Kf5 56. Kf3 g4+ 57. Kg3 Kg5 58. Kg2 Kf4 59. Kf2 g3+ 60.
Kg2 Kg4 61. Kg1 Kf3 62. Kf1 g2+ 63. Kg1 Kg3 1/2-1/2

[Event "29th Czech Open A 2018"]
[Site "Pardubice CZE"]
[Date "2018.07.28"]
[Round "9.100"]
[White "Oberhofer, Cedric"]
[Black "Mahalakshmi, M"]
[Result "1/2-1/2"]
[BlackTitle "WIM"]
[WhiteElo "2141"]
[BlackElo "2238"]
[WhiteFideId "12941220"]
[BlackFideId "5001080"]
[EventDate "2018.07.20"]

1. d4 Nf6 2. c4 e6 3. Nf3 Bb4+ 4. Bd2 a5 5. g3 b6 6. Bg2 Bb7 7. O-O O-O 8. Bf4
d5 9. c5 a4 10. a3 Ba5 11. Qxa4 Bd2 12. Qc2 Bxf4 13. gxf4 Nc6 14. cxb6 cxb6 15.
Nc3 Qd6 16. e3 Rfc8 17. Rfc1 Qd8 18. Qd1 Ne8 19. Nd2 Nd6 20. Bf1 Na5 21. b3 f5
22. Nb5 Nc6 23. Nxd6 Qxd6 24. b4 h6 25. Nf3 Kh7 26. Bb5 Ne7 27. Bd3 Nc6 28. Bb5
Ne7 29. Ba4 Nc6 30. Bxc6 Bxc6 31. Ne5 Be8 32. Qd3 Qe7 33. Rc3 Rc7 34. Rac1 Rac8
35. Rxc7 Rxc7 36. Rxc7 Qxc7 37. Qa6 Qc1+ 38. Kg2 Bh5 39. Qd3 Qe1 40. Qf1 Qc3 41.
Qd3 1/2-1/2

[Event "29th Czech Open A 2018"]
[Site "Pardubice CZE"]
[Date "2018.07.28"]
[Round "9.101"]
[White "Kupervaser, Erez"]
[Black "Subramanian, Aditya"]
[Result "1/2-1/2"]
[WhiteElo "2234"]
[BlackElo "2124"]
[WhiteFideId "2814587"]
[BlackFideId "1718924"]
[EventDate "2018.07.20"]

1. Nc3 Nf6 2. d4 d5 3. Bf4 c5 4. e3 g6 5. dxc5 Bg7 6. e4 O-O 7. exd5 Qa5 8. Qd2
Rd8 9. Bc4 Qxc5 10. Bb3 b5 11. Be3 Qb4 12. O-O-O Ng4 13. Nge2 Nxe3 14. Qxe3 Bd7
15. Nd4 a6 16. a3 Qd6 17. Ne4 Qb6 18. Ng5 Qd6 19. Rhe1 a5 20. Nc6 Re8 21. Nxe7+
Rxe7 22. Qxe7 Qxe7 23. Rxe7 Bf6 24. Re4 Bxg5+ 25. f4 Bf6 26. a4 Na6 27. axb5 Nc5
28. Re3 Bxb5 29. Ba2 Rb8 30. d6 Bc6 31. c3 1/2-1/2

[Event "29th Czech Open A 2018"]
[Site "Pardubice CZE"]
[Date "2018.07.28"]
[Round "9.102"]
[White "Zhuravlev, Stepan"]
[Black "Kratochvil, Vit1"]
[Result "1/2-1/2"]
[WhiteElo "2121"]
[BlackElo "2233"]
[WhiteFideId "34120197"]
[BlackFideId "333808"]
[EventDate "2018.07.20"]

1. d4 g6 2. e4 Bg7 3. f4 c5 4. dxc5 Qa5+ 5. c3 Qxc5 6. Nf3 d6 7. Bd3 Nf6 8. Qe2
O-O 9. Be3 Qc7 10. Nbd2 Nbd7 11. h3 Nc5 12. Bc2 b6 13. O-O-O Ba6 14. Qf2 Rac8
15. g4 Nd3+ 16. Bxd3 Bxd3 17. Bd4 Qb7 18. Rhe1 Qa6 19. Qe3 Rc6 20. g5 Nd7 21.
Bxg7 Kxg7 22. Nb1 Nc5 23. Qd4+ Kg8 24. Na3 Be2 25. Ng1 Bxd1 26. Rxd1 Ne6 27. Qe3
Rfc8 28. Ne2 Rc5 29. Kb1 Qa5 30. Rh1 Ng7 31. Nc2 Qa6 32. Nb4 Qb7 33. h4 Nh5 34.
Rf1 Rc4 35. Nd4 e5 36. fxe5 dxe5 37. Nb5 Rxe4 38. Qd3 Rf4 39. Nd6 Qg2 40. Re1
Rd8 41. Nd5 Rxh4 42. Nf5 Rxd5 43. Qxd5 Qxd5 44. Ne7+ Kf8 45. Nxd5 e4 46. c4 Ng3
47. Nf6 Ke7 48. Re3 Nf5 49. Rxe4+ Rxe4 50. Nxe4 h6 51. gxh6 Nxh6 52. Kc2 f5 53.
Nc3 Kd7 54. Kd3 Nf7 55. Kd4 g5 56. b4 Nd8 57. Kd5 Nc6 1/2-1/2

[Event "29th Czech Open A 2018"]
[Site "Pardubice CZE"]
[Date "2018.07.28"]
[Round "9.103"]
[White "Mueer, Sebastian"]
[Black "Ilyuchyk, Yana"]
[Result "0-1"]
[WhiteElo "2233"]
[BlackElo "2083"]
[WhiteFideId "24622001"]
[BlackFideId "13508407"]
[EventDate "2018.07.20"]

1. e4 c5 2. Nf3 Nc6 3. c3 d5 4. exd5 Qxd5 5. d4 Nf6 6. dxc5 Qxd1+ 7. Kxd1 Bg4 8.
Be3 Nd5 9. Bb5 Nxe3+ 10. fxe3 e5 11. Ke1 Bxf3 12. gxf3 Bxc5 13. Ke2 Rc8 14. a4
a6 15. Bxc6+ Rxc6 16. Nd2 Ke7 17. Rhg1 g6 18. b4 Bd6 19. Ne4 f5 20. Nxd6 Kxd6
21. Kd3 Rhc8 22. Rac1 e4+ 23. fxe4 fxe4+ 24. Kxe4 Rxc3 25. Rgd1+ Ke6 26. Rxc3
Rxc3 27. Kd4 Rc2 28. a5 Rxh2 29. Rc1 Rd2+ 30. Ke4 Rb2 31. Rc4 h5 32. Kd4 Rd2+
33. Ke4 Rd5 34. Kf4 g5+ 35. Kf3 Kf6 36. e4 Rd3+ 37. Ke2 Rb3 38. Kd2 h4 39. Kc2
h3 40. Kxb3 h2 41. Rc1 g4 42. Kc4 g3 43. Rh1 g2 44. Rxh2 g1=Q 45. Rh6+ Ke5 46.
Rb6 Qd4+ 47. Kb3 Kxe4 48. b5 Qd3+ 49. Kb4 Qd4+ 50. Kb3 axb5 51. Rxb5 Kd3 52. Rb6
Qa1 53. Kb4 Qc3+ 54. Ka4 Qc4+ 0-1

[Event "29th Czech Open A 2018"]
[Site "Pardubice CZE"]
[Date "2018.07.28"]
[Round "9.104"]
[White "Shpanko, Nadiia"]
[Black "Olson, Hamish"]
[Result "1-0"]
[WhiteTitle "WFM"]
[WhiteElo "2108"]
[BlackElo "2229"]
[WhiteFideId "14132400"]
[BlackFideId "2404257"]
[EventDate "2018.07.20"]

1. e4 d6 2. d4 Nf6 3. Nc3 e5 4. Nf3 Nbd7 5. Bc4 Be7 6. a4 a5 7. O-O O-O 8. Re1
c6 9. h3 Qc7 10. Ba2 h6 11. Be3 Re8 12. Qd2 Nf8 13. Rad1 Nh5 14. Ne2 Ng6 15.
Bxh6 Qb6 16. Bg5 Qxb2 17. Bb3 Nf6 18. Bxf6 Bxf6 19. Ra1 exd4 20. Ra2 1-0

[Event "29th Czech Open A 2018"]
[Site "Pardubice CZE"]
[Date "2018.07.28"]
[Round "9.105"]
[White "Muhseen, Abdullah Mohammed"]
[Black "Biastoch, Bennet"]
[Result "1-0"]
[WhiteTitle "CM"]
[WhiteElo "2222"]
[BlackElo "2099"]
[WhiteFideId "4801695"]
[BlackFideId "12939889"]
[EventDate "2018.07.20"]

1. d4 Nf6 2. c4 g6 3. Nc3 Bg7 4. e4 d6 5. h3 O-O 6. Be3 c5 7. Nf3 cxd4 8. Nxd4
Nc6 9. Be2 Nxd4 10. Bxd4 Be6 11. O-O Rc8 12. b3 a6 13. Qd3 Qa5 14. f4 Bd7 15.
Qe3 e5 16. fxe5 dxe5 17. Bb6 Qa3 18. Rad1 Be6 19. Qd2 Qe7 20. Kh2 Nd7 21. Be3
Rfd8 22. Qc1 Nc5 23. b4 Rxd1 24. Rxd1 Nd7 25. c5 Nf6 26. Qd2 Qc7 27. Kh1 Qc6 28.
Bf3 Re8 29. Kh2 Qc8 30. Bg5 Qc7 31. Qd6 Qxd6 32. Rxd6 Nd7 33. Nd5 Bxd5 34. exd5
e4 35. Rxd7 exf3 36. gxf3 Re2+ 37. Kg3 h6 38. Bf4 Bc3 39. h4 Bxb4 40. c6 bxc6
41. dxc6 Ba5 42. c7 Re8 43. Bxh6 Rc8 44. Bf4 Kf8 45. Bd6+ Kg7 46. Kg4 Kf6 47.
Bf4 Kg7 48. Rd5 Bxc7 49. Rc5 f5+ 50. Kh3 Bxf4 51. Rxc8 a5 52. h5 Bd2 53. Kh4
gxh5 54. Rc6 Kf7 55. Kxh5 Kg7 56. Rd6 Bb4 57. Rg6+ Kf7 58. Kg5 f4 59. Ra6 Bd2
60. Kf5 Ke7 61. Ke5 Kf7 62. Rd6 Bc1 63. Rd5 a4 64. Rc5 Bd2 65. Rc7+ 1-0

[Event "29th Czech Open A 2018"]
[Site "Pardubice CZE"]
[Date "2018.07.28"]
[Round "9.107"]
[White "Iliaguev, Daniel"]
[Black "Balasubramaniam, H"]
[Result "0-1"]
[WhiteElo "2073"]
[BlackElo "2219"]
[WhiteFideId "2818434"]
[BlackFideId "35053248"]
[EventDate "2018.07.20"]

1. d4 Nf6 2. c4 g6 3. g3 Bg7 4. Bg2 O-O 5. Nc3 d6 6. Nf3 Nbd7 7. O-O e5 8. dxe5
dxe5 9. Bg5 h6 10. Bxf6 Bxf6 11. Qd2 Kh7 12. Rad1 Qe8 13. h4 Bd8 14. h5 Nf6 15.
hxg6+ fxg6 16. Qc2 Ng4 17. e3 Bf5 18. Qb3 Rb8 19. Rd2 Be6 20. Rfd1 Qf7 21. Qa3
Be7 22. Qxa7 c6 23. Qb6 g5 24. Nh2 Nxh2 25. Kxh2 Bg4 26. Rc1 Rbd8 27. Rcc2 Bf5
28. Ne4 Qg6 29. Qc7 Rde8 30. f3 g4 31. Rd6 Qh5+ 32. Kg1 gxf3 33. Nf6+ Rxf6 34.
Rxf6 Bxc2 35. Bxf3 Qg5 0-1

[Event "29th Czech Open A 2018"]
[Site "Pardubice CZE"]
[Date "2018.07.28"]
[Round "9.108"]
[White "Semjonovs, Ilja"]
[Black "Burian, Simon"]
[Result "1/2-1/2"]
[WhiteElo "2219"]
[BlackElo "2021"]
[WhiteFideId "11604263"]
[BlackFideId "12956902"]
[EventDate "2018.07.20"]

1. e4 c5 2. Nf3 d6 3. d4 cxd4 4. Nxd4 Nf6 5. Nc3 a6 6. g3 e5 7. Nb3 Be7 8. Bg2
Be6 9. O-O O-O 10. a4 Qc7 11. a5 Nbd7 12. Be3 b5 13. axb6 Nxb6 14. Na5 Rfb8 15.
Nd5 Nbxd5 16. exd5 Bf5 17. c4 Rxb2 18. c5 Rb5 19. Nc4 Rxc5 20. Bxc5 Qxc5 21. Ne3
Bg6 22. Qa4 Bd3 23. Rfc1 Qb5 24. Qxb5 Bxb5 25. Rcb1 Bd7 26. Bf1 a5 27. Bb5 Kf8
28. Bc6 Bxc6 29. dxc6 Bd8 30. Nc4 Bc7 31. Rb7 Ne8 32. Ne3 Ke7 33. Nd5+ Kd8 34.
Rab1 Kc8 35. Rxc7+ Nxc7 36. Nb6+ Kb8 37. Nxa8+ Kxa8 38. Rb7 Nd5 39. Rb5 Nc7 40.
Rxa5+ Kb8 41. Ra1 Ne6 42. Rb1+ Kc7 43. Rb7+ Kxc6 44. Rxf7 e4 45. Kf1 d5 46. h4
Kd6 47. g4 h6 48. h5 Ke5 49. g5 Nxg5 50. Rxg7 d4 51. Rg6 Nf7 52. Ke1 Kf5 53. Ke2
d3+ 54. Kd2 Ne5 55. Rxh6 Ng4 56. Rh8 Kg5 57. Rf8 Kxh5 58. Rf5+ Kg6 59. Rf8 Nf6
60. Ra8 Kf5 61. Ra5+ Kf4 62. Ra8 Kf5 63. Rf8 Ke5 64. Ke1 Nd5 65. Re8+ Kd4 66.
Kd2 Nf6 67. Ra8 Nd5 68. Ra5 Ke5 69. Ra4 Kf4 70. Ra5 Ke5 71. Ra4 Kf4 72. Ra8 Ke5
73. Rf8 Kd4 74. Rf5 Ne7 75. Rf4 Nd5 76. Rh4 Ke5 77. Rg4 Nf6 78. Rg3 Kd4 79. Rg6
Nd5 80. Re6 Nc7 1/2-1/2

[Event "29th Czech Open A 2018"]
[Site "Pardubice CZE"]
[Date "2018.07.28"]
[Round "9.109"]
[White "Miskulin, Dennis"]
[Black "Green, Andrew D"]
[Result "1/2-1/2"]
[BlackTitle "CM"]
[WhiteElo "2206"]
[BlackElo "2074"]
[WhiteFideId "1705520"]
[BlackFideId "2401762"]
[EventDate "2018.07.20"]

1. e4 c5 2. Nf3 g6 3. d4 cxd4 4. Qxd4 Nf6 5. e5 Nc6 6. Qa4 Nd5 7. Qe4 Nb6 8. Bf4
d5 9. exd6 Bf5 10. Qe3 Nd5 11. Qd2 Nxf4 12. Qxf4 Bg7 13. c3 O-O 14. Be2 e5 15.
Qe3 Qxd6 16. Na3 Rad8 17. O-O h6 18. Rfd1 Qb8 19. h3 Be6 20. Bc4 Bxc4 21. Nxc4
b5 22. Na3 b4 23. Nc4 bxc3 24. bxc3 Qb5 25. Nd6 Qa4 26. Qc5 Rd7 27. Rd2 Rfd8 28.
Re1 Bf8 29. Qc4 Qxc4 30. Nxc4 Rxd2 31. Nfxd2 f5 32. f3 Kf7 33. Kf1 Kf6 34. Ke2
g5 35. g4 Ne7 36. Ne3 Nd5 37. Nxd5+ Rxd5 38. Nb3 Rd6 39. Rc1 Ra6 40. Rc2 Re6 41.
Nd2 e4 42. gxf5 exf3+ 43. Kxf3 Kxf5 44. Nf1 Bd6 45. Rd2 Bf4 46. Rb2 a6 47. Rb3
h5 48. Ra3 g4+ 49. hxg4+ hxg4+ 50. Kf2 Kg5 51. Ra4 Rf6 52. Kg2 Rb6 53. Rb4 Rd6
54. Ra4 Rc6 55. Ra5+ Kh4 56. Ra4 Kg5 57. Ra5+ Kh4 58. Ra4 Kg5 1/2-1/2

[Event "29th Czech Open A 2018"]
[Site "Pardubice CZE"]
[Date "2018.07.28"]
[Round "9.110"]
[White "Ludvik, Tomas"]
[Black "Sbarra, Marco"]
[Result "1/2-1/2"]
[BlackTitle "FM"]
[WhiteElo "2048"]
[BlackElo "2205"]
[WhiteFideId "367664"]
[BlackFideId "804401"]
[EventDate "2018.07.20"]

1. d4 Nf6 2. Nf3 e6 3. Bf4 Be7 4. h3 b6 5. e3 Bb7 6. Nbd2 c5 7. c3 O-O 8. Bd3 d6
9. Qe2 Nbd7 10. O-O Re8 11. Bh2 Qc7 12. Rad1 Bf8 13. e4 e5 14. dxe5 Nxe5 15.
Nxe5 dxe5 16. Nc4 b5 17. Ne3 c4 18. Bc2 Rad8 19. a4 a6 20. axb5 axb5 21. Ng4
Nxg4 22. Qxg4 f6 23. Bg3 Bc8 24. Qh5 Be6 25. Kh2 Rxd1 26. Bxd1 Bf7 27. Qf5 Bg6
28. Qg4 Rd8 29. Qe6+ Bf7 30. Qa6 Qc5 31. Bg4 Rd2 32. Rd1 Rxd1 33. Bxd1 b4 34.
cxb4 Qxb4 35. Be2 h5 36. h4 Be7 37. Qc8+ Kh7 38. Qc7 Qc5 39. Qb7 Qb4 40. Qc7 Qc5
41. Qb7 Kg8 42. Kg1 Bf8 43. Kh2 Qd4 44. Kg1 Qd2 45. Bf1 Qc1 46. Qb5 Qe1 47. Qc6
Qb1 48. Qa4 Bc5 49. Qc6 Bd4 50. Qc8+ Kh7 51. Qf5+ Bg6 52. Qe6 Bxb2 53. Qxc4 Qxe4
54. Qxe4 Bxe4 55. f3 Bd4+ 56. Bf2 Bc2 57. Bc4 Kg6 58. g3 Kf5 59. Kg2 g5 60. Bf7
gxh4 61. gxh4 Bxf2 62. Kxf2 Kf4 63. Bxh5 Bd1 64. Bg6 Bxf3 65. h5 Bxh5 1/2-1/2

[Event "29th Czech Open A 2018"]
[Site "Pardubice CZE"]
[Date "2018.07.28"]
[Round "9.111"]
[White "Harshini, A"]
[Black "Stetsko, Lanita"]
[Result "0-1"]
[WhiteTitle "WFM"]
[BlackTitle "FM"]
[WhiteElo "2037"]
[BlackElo "2200"]
[WhiteFideId "25008986"]
[BlackFideId "13505300"]
[EventDate "2018.07.20"]

1. e4 e5 2. Nf3 Nc6 3. Bb5 a6 4. Ba4 Nf6 5. O-O Be7 6. Re1 b5 7. Bb3 d6 8. c3
O-O 9. d4 Bg4 10. d5 Na5 11. Bc2 Qc8 12. h3 Bd7 13. Nbd2 c6 14. dxc6 Qxc6 15.
Nf1 Rfc8 16. Bd3 Bd8 17. Qe2 Nb7 18. Bg5 Nc5 19. Rad1 Be6 20. Bb1 Bc4 21. Qe3
Bxf1 22. Kxf1 Ne6 23. Rd2 Nxg5 24. Nxg5 h6 25. Nf3 Bb6 26. Qe2 Re8 27. Red1 Rad8
28. Nh4 g6 29. Bc2 Kg7 30. Kg1 Bc5 31. a3 Re7 32. Bb1 a5 33. Qf3 Nh7 34. b4 Bb6
35. Qg3 Ng5 36. Rd5 axb4 37. axb4 Ra7 38. Qd3 Ra1 39. Rxb5 Ne6 40. Qd5 Qc7 41.
Ba2 Nf4 42. Qd2 Bxf2+ 43. Kh2 Rxd1 44. Qxf2 Qxc3 45. Rb7 Rf8 46. Nxg6 Rd2 47.
Nxf8 Rxf2 48. Rxf7+ Kg8 49. Rc7+ Rxa2 50. Rxc3 Kxf8 51. Rc6 Rxg2+ 52. Kh1 Ke7
53. Rc7+ Kf6 54. Rh7 Kg6 55. Rd7 Rb2 56. Rxd6+ Kg5 57. Rb6 Nxh3 58. Re6 Kf4 59.
Rxh6 Nf2+ 60. Kg1 Ng4 61. Rh3 Rxb4 62. Ra3 Rxe4 63. Kf1 Rb4 64. Ke2 e4 65. Ra7
Rb2+ 66. Kd1 Ne5 67. Ra5 e3 68. Ra3 Kf3 69. Rc3 Kf2 70. Kc1 e2 0-1

[Event "29th Czech Open A 2018"]
[Site "Pardubice CZE"]
[Date "2018.07.28"]
[Round "9.112"]
[White "Rakshitta, Ravi"]
[Black "Ralis, Petr"]
[Result "1/2-1/2"]
[WhiteElo "2026"]
[BlackElo "2199"]
[WhiteFideId "25073230"]
[BlackFideId "300870"]
[EventDate "2018.07.20"]

1. e4 c5 2. Nc3 e6 3. Nf3 d6 4. g3 Nc6 5. Bg2 Bd7 6. d4 cxd4 7. Nxd4 Nf6 8. O-O
a6 9. Re1 Rc8 10. Nxc6 Bxc6 11. Nd5 1/2-1/2